Petroleum products handbook.

Bibliographic Details
Main Author: Guthrie, Virgil B.
Format: Book
Language:English
Published: New York : McGraw-Hill, 1960.
Edition:1st ed.
Series:McGraw-Hill handbooks
Subjects:

MARC

Tag First Indicator Second Indicator Subfields
LEADER 00000cam a2200000 4500
001 in00000213621
005 20151009055109.0
008 750827s1960 nyua b 00000 eng
010 |a  58013870  
035 |a (OCoLC)01575984 
035 |9 AAW9878AM 
040 |a DLC  |c FBA  |d TXA  |d UtOrBLW 
049 |a TXAM  |c 1 [1494375], 2 [327046], 3 [423048] 
050 0 0 |a TP690  |b .G795 
082 0 |a 665.538 
100 1 |a Guthrie, Virgil B. 
245 1 0 |a Petroleum products handbook. 
250 |a 1st ed. 
264 1 |a New York :  |b McGraw-Hill,  |c 1960. 
300 |a 1 volume :  |b illustrations ;  |c 24 cm. 
336 |a text  |b txt  |2 rdacontent 
337 |a unmediated  |b n  |2 rdamedia 
338 |a volume  |b nc  |2 rdacarrier 
490 0 |a McGraw-Hill handbooks 
504 |a Includes bibliographies. 
650 0 |a Petroleum products. 
999 |a MARS 
999 f f |s 5bf2f13e-c17e-3d29-81df-c382466a465c  |i 4fc78c32-ecf8-316f-883f-94b7f9601d15  |t 0 
952 f f |p ric  |a Texas A&M University  |b Rellis Campus  |c Joint Library Facility  |d Remote Storage  |t 0  |e TP690 .G795  |h Library of Congress classification  |i unmediated -- volume  |m A14805612613 
998 f f |a TP690 .G795  |t 0  |l Remote Storage